<?xml version="1.0" encoding="UTF-8"?>
<record
    xmlns:xsi="http://www.w3.org/2001/XMLSchema-instance"
    xsi:schemaLocation="http://www.loc.gov/MARC21/slim http://www.loc.gov/standards/marcxml/schema/MARC21slim.xsd"
    xmlns="http://www.loc.gov/MARC21/slim">

  <leader>00974nam a22002297a 4500</leader>
  <controlfield tag="005">20230526123716.0</controlfield>
  <controlfield tag="008">230526b       mx |||||||| |||| 00| 0 spa d</controlfield>
  <datafield tag="020" ind1=" " ind2=" ">
    <subfield code="a">9786071626158</subfield>
  </datafield>
  <datafield tag="050" ind1="0" ind2="4">
    <subfield code="a">F1235.5.R49 </subfield>
    <subfield code="b">J47 2015</subfield>
  </datafield>
  <datafield tag="245" ind1="0" ind2="0">
    <subfield code="a">Jes&#xFA;s Reyes Heroles : </subfield>
    <subfield code="b">hombre de acci&#xF3;n, hombre de historia / </subfield>
    <subfield code="c">estudio introductorio y selecci&#xF3;n Eugenia Meyer ; presentaci&#xF3;n Emilio Chuayffet Chemor</subfield>
  </datafield>
  <datafield tag="250" ind1=" " ind2=" ">
    <subfield code="a">Primera edici&#xF3;n</subfield>
  </datafield>
  <datafield tag="260" ind1=" " ind2=" ">
    <subfield code="a">M&#xE9;xico, D. F. : </subfield>
    <subfield code="b">Fondo de Cultura Econ&#xF3;mica : </subfield>
    <subfield code="b">Secretar&#xED;a de Educaci&#xF3;n P&#xFA;blica, </subfield>
    <subfield code="c">2015</subfield>
  </datafield>
  <datafield tag="300" ind1=" " ind2=" ">
    <subfield code="a">xxvii, 332 p&#xE1;ginas ;</subfield>
  </datafield>
  <datafield tag="490" ind1=" " ind2=" ">
    <subfield code="a">Vida y pensamiento de M&#xE9;xico</subfield>
  </datafield>
  <datafield tag="600" ind1="1" ind2=" ">
    <subfield code="2">lemb</subfield>
    <subfield code="a">Reyes Heroles, Jes&#xFA;s</subfield>
    <subfield code="d">1921-1985</subfield>
    <subfield code="x">Biograf&#xED;a</subfield>
  </datafield>
  <datafield tag="650" ind1=" " ind2="7">
    <subfield code="2">lemb</subfield>
    <subfield code="a">Pol&#xED;ticos </subfield>
    <subfield code="z">M&#xE9;xico</subfield>
    <subfield code="x">Biograf&#xED;a</subfield>
  </datafield>
  <datafield tag="650" ind1=" " ind2="7">
    <subfield code="2">lemb</subfield>
    <subfield code="a">Abogados</subfield>
    <subfield code="z">M&#xE9;xico</subfield>
    <subfield code="x">Biograf&#xED;as</subfield>
  </datafield>
  <datafield tag="650" ind1=" " ind2="7">
    <subfield code="2">lemb</subfield>
    <subfield code="a">Maestros universitarios </subfield>
    <subfield code="z">M&#xE9;xico</subfield>
    <subfield code="x">Biograf&#xED;a</subfield>
  </datafield>
  <datafield tag="700" ind1="1" ind2=" ">
    <subfield code="a">Meyer, Eugenia, </subfield>
    <subfield code="e">editor</subfield>
  </datafield>
  <datafield tag="700" ind1="1" ind2=" ">
    <subfield code="a">Chuayffet Chemor, Emilio, </subfield>
    <subfield code="e">prologuista</subfield>
  </datafield>
  <datafield tag="942" ind1=" " ind2=" ">
    <subfield code="2">lcc</subfield>
    <subfield code="c">LIB</subfield>
  </datafield>
  <datafield tag="999" ind1=" " ind2=" ">
    <subfield code="c">167269</subfield>
    <subfield code="d">167267</subfield>
  </datafield>
  <datafield tag="952" ind1=" " ind2=" ">
    <subfield code="1">0</subfield>
    <subfield code="2">lcc</subfield>
    <subfield code="4">0</subfield>
    <subfield code="7">0</subfield>
    <subfield code="a">INV-033</subfield>
    <subfield code="b">INV-033</subfield>
    <subfield code="c">GENERAL</subfield>
    <subfield code="d">2023-05-26</subfield>
    <subfield code="e">DON</subfield>
    <subfield code="f">1a ed.</subfield>
    <subfield code="i">H</subfield>
    <subfield code="k">CSA</subfield>
    <subfield code="l">0</subfield>
    <subfield code="o">F1235.5.R49 J47 2015</subfield>
    <subfield code="p">IIH000034571</subfield>
    <subfield code="r">2023-05-26 00:00:00</subfield>
    <subfield code="t">C:1</subfield>
    <subfield code="v">1.00</subfield>
    <subfield code="y">LIB</subfield>
  </datafield>
</record>
